Normal view
MARC view
- Islamic law
Entry Topical Term
001 - CONTROL NUMBER
- control field: 532
003 - CONTROL NUMBER IDENTIFIER
- control field: NUST
005 - DATE AND TIME OF LATEST TRANSACTION
- control field: 20170511151354.0
008 - FIXED-LENGTH DATA ELEMENTS
- fixed length control field: 170511|| aca||aabn | a|a d
040 ## - CATALOGING SOURCE
- Original cataloging agency: NUST
- Transcribing agency: NUST
150 ## - HEADING--TOPICAL TERM
- Topical term or geographic name entry element: Islamic law
- General subdivision: Interpretation and construction.
670 ## - SOURCE DATA FOUND
- Source citation: Work cat.: (NUST)7137: Imran Ahsan Khan Nyazee. 530, Islamic jurisprudence: usul al - Fiqh, 2000.
